000 00364nam a2200145Ia 4500
008 260330s9999 xx 000 0 und d
020 _a9.7893525312e+012
082 _a346.066
_bGOG/A
100 _aGogna, P.P.S.
245 2 _aA Textbook of Company Law
250 _a11th
260 _aNew Delhi
_bS.Chand And Company Ltd
_c2022
300 _a567p.
942 _cBK
999 _c53338
_d53338